000 00552cam a2200145 4500500
005 20260208002443.0
041 _afre
042 _adc
100 1 0 _aMasset, Claude
_eauthor
245 0 0 _aMichael Herzfeld, Evicted from Eternity. The Restructuring of Modern Rome, Chicago-London, University of Chicago Press, 2009, 373 p., bibl., index
260 _c2011.
500 _a61
786 0 _nL'Homme | 200 | 4 | 2011-11-01 | p. 227r-280r | 0439-4216
856 4 1 _uhttps://shs.cairn.info/revue-l-homme-2011-4-page-227r?lang=fr&redirect-ssocas=7080
999 _c1646445
_d1646445